00434cam a2200157ua 45000010005000000080039000050400009000440820010000531000036000632450074000992500009001732600035001823000017002176530022002346530020002561475110709n ii |||gr||||Z||||||asm cMAIN a320.51 aChakravarty, Adyanath,eAuthor.1 aRajnaitik tatva aru socrates plato aristotlecby Adyanath Chakravarty a1st. aGuahati:bJyoti prakashan,994. a200p:c23cm. aPolitical Science aRajnaitik tatva